[Event "Loebau-Zittau KSK op"]
[Site "Leutersdorf"]
[Date "2004.02.13"]
[Round "3"]
[White "Osmanodja, Filiz"]
[Black "Osmanodja, Osman"]
[Result "1/2-1/2"]
[WhiteElo "1353"]
[BlackElo "1579"]
[PlyCount "105"]
[EventDate "2004.02.13"]
[EventType "swiss"]
[EventRounds "7"]
[EventCountry "GER"]
[SourceTitle "CBM 098 Extra"]
[Source "ChessBase"]
[SourceDate "2004.03.10"]
[SourceVersion "2"]
[SourceVersionDate "2004.03.10"]
[SourceQuality "1"]

1. e4 c5 2. Nc3 d6 3. f4 e6 4. Nf3 Nc6 5. d4 Qa5 6. Bd3 Nf6 7. Be3 c4 8. Bxc4 Nxe4 9. Qd3 d5 10. Bb3 a6 11. 0-0 Nxc3 12. bxc3 Bd6 13. Ne5 0-0 14. c4 Nb4 15. Qc3 f6 16. Nd3 dxc4 17. Bxc4 Nc6 18. Qb3 Qf5 19. d5 Na5 20. Qa4 Nxc4 21. Qxc4 b5 22. Qc6 Qxd5 23. Qxd5 exd5 24. Bc5 Bxc5+ 25. Nxc5 Bf5 26. c3 Rfc8 27. Nb3 Rxc3 28. Rfd1 Be4 29. Rd2 Rac8 30. Rad1 Rc2 31. Nd4 Rxd2 32. Rxd2 Kf7 33. f5 Rc1+ 34. Kf2 g6 35. fxg6+ hxg6 36. Nb3 Rc2 37. Rxc2 Bxc2 38. Nc5 d4 39. Nxa6 d3 40. Ke3 Ke6 41. Nc7+ Kd6 42. Nxb5+ Kc5 43. Na3 d2 44. Kxd2 Be4 45. g3 Bd5 46. Nb1 Bxa2 47. Nc3 Bd5 48. Nxd5 Kxd5 49. Ke3 Ke5 50. Kf3 g5 51. Kg4 Ke6 52. h4 gxh4 53. gxh4 1/2-1/2

[Event "Loebau-Zittau KSK op"]
[Site "Leutersdorf"]
[Date "2004.02.13"]
[Round "2"]
[White "Osmanodja, Osman"]
[Black "Taudte, Stefan"]
[Result "1/2-1/2"]
[WhiteElo "1579"]
[BlackElo "2078"]
[PlyCount "87"]
[EventDate "2004.02.13"]
[EventType "swiss"]
[EventRounds "7"]
[EventCountry "GER"]
[SourceTitle "CBM 098 Extra"]
[Source "ChessBase"]
[SourceDate "2004.03.10"]
[SourceVersion "2"]
[SourceVersionDate "2004.03.10"]
[SourceQuality "1"]

1. e4 e6 2. d4 d5 3. exd5 exd5 4. Nf3 Bd6 5. Qe2+ Ne7 6. Nc3 c6 7. Bg5 f6 8. Bh4 b5 9. a3 0-0 10. Bg3 Nf5 11. Qd3 Qa5 12. Bxd6 Nxd6 13. Qd2 Re8+ 14. Be2 Nc4 15. Qc1 b4 16. axb4 Qxb4 17. 0-0 Bg4 18. Bxc4 Bxf3 19. Ra4 Qd6 20. Bd3 Bh5 21. Qa1 Qe7 22. Qa2 Qb7 23. Ne4 Qe7 24. Nc5 Bg6 25. h3 Nd7 26. Rxa7 Rxa7 27. Qxa7 Nxc5 28. Qxe7 Rxe7 29. dxc5 Bxd3 30. cxd3 Rb7 31. Ra1 Rxb2 32. Ra6 Rb1+ 33. Kh2 Kf7 34. Rxc6 Rb3 35. d4 Rd3 36. Rc7+ Ke6 37. Rxg7 Rxd4 38. c6 Rc4 39. c7 h5 40. g4 hxg4 41. hxg4 Ke5 42. Kg3 Rc3+ 43. f3 Kd6 44. Rg6 1/2-1/2